[Event "EU-Cup 19th"]
[Site "Rethymno"]
[Date "2003.09.28"]
[Round "1.1"]
[White "Ivanchuk, Vassily"]
[Black "Gretarsson, Helgi Ass"]
[Result "1-0"]
[WhiteElo "2710"]
[BlackElo "2513"]
[Annotator "Erenburg,S"]
[PlyCount "71"]
[EventDate "2003.09.28"]
[EventType "team-swiss"]
[EventRounds "7"]
[EventCountry "GRE"]
[SourceTitle "CBM 098"]
[Source "ChessBase"]
[SourceDate "2004.02.03"]
[SourceVersion "1"]
[SourceVersionDate "2004.02.03"]
[SourceQuality "1"]
[WhiteTeam "Warsaw Polonia"]
[BlackTeam "Reykjavik Hellir"]
[WhiteTeamCountry "POL"]
[BlackTeamCountry "ISL"]

1. e4 d6 2. d4 Nf6 3. Nc3 g6 4. Be3 c6 5. h3 {I'd recommend for everyone, who
intends to play this variation, to read my opening database in CBM 93.} Nbd7 {
The main theoretical line is} (5... Bg7 {1/2-1/2 Pavasovic,D-Volokitin,A/
Portoroz 2001/[Erenburg] (84)}) 6. f4 {Probably the most principal
continuation. While after} (6. Nf3 {white can fight for an advantage as well:}
Qc7 (6... b5 7. e5) (6... Qa5 $6 {0-1 Delchev,A-Shchekachev,A/Nice 2002/
[Erenburg] (59)}) 7. a4 {preventing b7-b5.} Bg7 8. Be2 O-O 9. Nd2 b6 {1-0
Morozevich,A-Gurevich,M/Sarajevo 2000/[Erenburg] (27)} (9... e5 {1-0 Erenburg,
S-Klenburg,M/Tel Aviv 2002/[Erenburg] (39)})) 6... e5 {Black has many other
possibilities:} (6... Qb6 $5 $146 {1-0 Movsesian,S-Cekro,E/Neum 2002/CBM 90/
[Avrukh,B] (42)}) (6... b5 7. Qf3 b4 8. Nb1 Bb7 9. Nd2 Bg7 10. Bd3 Qc7 11. Ne2
O-O 12. g4 c5 $1 13. c3 (13. d5 e6 $1) 13... bxc3 14. bxc3 cxd4 15. cxd4 Qa5
$11 {[%cal Gb7a6] 1/2-1/2 Stefanovski,D-Bogdanovski,V/Struga 1991/EXT 99 (108)}
) (6... Qa5 {1/2-1/2 Sveshnikov,E-Beliavsky,A/Bled 2001/[Erenburg] (41)}) (6...
Bg7 7. Qf3 {-see 5...Bg7 variation.}) 7. Nf3 {It is very logical to put
pressure on black's center. White tried also} (7. Qf3 Qa5 (7... Bg7 {1-0
Sveshnikov,E-Komljenovic,D/Torcy 1991/[Erenburg] (50)}) 8. Bd3 {1-0 Movsesian,
S-Ftacnik,L/Hamburg 1997/[Movsesian] (37)}) 7... Bh6 $6 $146 {Dubious novelty.
It's hard to believe, that this move can be good.} ({In the previous games
black continued} 7... Qa5 8. Qd2 Bg7 9. O-O-O O-O 10. Kb1 Re8 11. dxe5 dxe5 12.
f5 b5 13. fxg6 hxg6 14. Ng5 $36 {1/2-1/2 Luther,T-Fritz,R/Seefeld 1996 (61)}) (
7... Qc7 8. Bd3 Bg7 9. O-O exd4 10. Bxd4 O-O 11. Qd2 b6 12. Rae1 Bb7 13. e5 $14
{1-0 Shaked,T-Bengtson,M/Philadelphia 1998/EXT 99 (24)}) 8. Qd2 {This move is
better, than} (8. dxe5 dxe5 9. Nxe5 Nxe5 10. Qxd8+ Kxd8 11. fxe5 Bxe3 12. exf6
Re8 (12... Bg5 13. Rd1+ Ke8 14. Bc4 Bxf6 15. O-O $1 $14) 13. Rd1+ Kc7 14. Bd3
Bd4 $44) 8... Nh5 (8... exf4 9. Bxf4 Bxf4 10. Qxf4 $14) 9. fxe5 Bxe3 10. Qxe3
dxe5 11. O-O-O (11. dxe5 {promises white an advantage as well:} Qb6 12. Qxb6
Nxb6 13. a4 $16) 11... Qf6 {White has a development advantage, that makes
black's position quite dangerous. Black's attempt to trade queens is logical.}
(11... Ng3 12. Rg1 $32) (11... Qc7 12. Bc4 $32) 12. dxe5 Qf4 13. Kd2 {It is
well-known fact, that the center is a favorable position for king in endgames.}
O-O 14. Qxf4 (14. g4 {seems strong as well:} Qxe3+ 15. Kxe3 Ng3 16. Rg1 Nxf1+
17. Rgxf1 $16) 14... Nxf4 15. Ke3 $16 {White is a pawn up without any
compensation from the black's side.} Ne6 16. Bc4 Nc7 (16... Nb6 17. Be2 (17.
Bxe6 Bxe6 18. b3 $16)) (16... Re8 17. Rd6 Nb6 18. Be2 $16 {[%cal Gh1d1]}) 17.
e6 $6 {I'm not sure white needs to give back a pawn. His advantage is quite
obvious after} (17. Rd6 Nb6 18. Be2 Be6 19. Rhd1 $16) 17... fxe6 $8 (17... Nxe6
18. Bxe6 fxe6 19. Rd6 Nb6 20. Ne5 $18 {and black is paralyzed.}) 18. Rhf1 Re8 (
18... Nb6 19. Be2 $1 {[%cal Gf3e5]}) 19. Ng5 {The following continuations
deserve attention:} (19. Be2 $5) (19. Bb3 $5) 19... Re7 ({Maybe more aggressive
} 19... Nd5+ {gave black more chances:} 20. Kd2 Ne5 21. Bb3 Nb6 22. Ke2 $16)
20. Rd6 Nb6 {Black doesn't succeed to equalize after} (20... Nd5+ 21. Bxd5 (21.
Kd2 $16) 21... exd5 22. Ne6 $16) ({as well as after} 20... Ne5 21. Bb3 c5 22.
Rd8+ $18) 21. Rd8+ Kg7 22. Bb3 Bd7 (22... h6 23. Nf3 Bd7 24. Rxa8 Nbxa8 25. Ne5
$16) 23. Rxa8 Nbxa8 24. e5 {setting free the e4 square for the knight. But, on
the other hand, this move weakens d5 square.} (24. Nf3 {comes to consideration.
}) 24... Nd5+ 25. Kd2 Be8 $6 {I think, blackhas more drawish chances after} (
25... Nxc3 26. Kxc3 c5 27. Rf6 (27. Ne4 Bc6 $1) 27... Nc7 28. Ne4 b6 $14) 26.
Nce4 $1 {Black suffers from the lack of space, so it is logical not to allow
to trade knights.} h6 27. Nf3 g5 {preparing an occupation of the f4 square for
the knight.} 28. Nd4 Nac7 29. g4 $5 Nf4 $2 ({Better is} 29... Bg6 30. Nd6 c5
31. Nf3 $16) 30. h4 $1 {White wins the g5 pawn.} Rd7 (30... Nh3 31. Rf3 Bg6 32.
Nc5 $18) 31. Ke3 $4 {Probably, both sides were in time trouble, otherwise, it
is difficult to explain such mistakes.} ({White wins after} 31. c3 $1 {[%cal
Gh4g5]} Ng6 (31... Bg6 32. Nc5 Re7 33. Nxb7 $18) 32. hxg5 hxg5 (32... Nxe5 33.
gxh6+ Kxh6 34. g5+ Kg7 35. Nc5 $18) 33. Nxg5 Nxe5 34. Bxe6 $18) 31... Rf7 $4 {
Black missed the winning continuation:} (31... Ng2+ $1 32. Kd3 Bg6 $1 {[%cal
Gc6c5]} 33. hxg5 hxg5 34. Rf6 Bh7 $19 35. Bxe6 Nxe6 36. Rxe6 Nf4+ 37. Ke3 Bxe4
38. Rd6 Rxd6 39. exd6 c5 $19) 32. Nf6 c5 (32... Ncd5+ 33. Nxd5 exd5 34. Nf5+
$16) 33. Nf3 $2 {Another mistake. White should play} (33. hxg5 hxg5 (33...
cxd4+ 34. Kxf4 $18) 34. Nf5+ exf5 35. Nxe8+ Nxe8 36. Bxf7 Kxf7 37. gxf5 Ng7 38.
Ke4 Ne2 39. Kf3 Nd4+ 40. Kg4 Nc6 41. Re1 $14) 33... Bc6 $4 {Blunder follows
blunder!} ({Good enough was} 33... Ncd5+ 34. Nxd5 Nxd5+ 35. Bxd5 exd5 36. hxg5
hxg5 $1 $15 {[%cal Gf7f4]}) 34. hxg5 $18 {White is a pawn up, his pieces are
more active. These factors promise white a victory.} Bxf3 (34... Ncd5+ 35. Kd2
$1 $18) 35. gxh6+ Kxh6 36. Rxf3 (36. Rxf3 Nfd5+ (36... Ng6 37. Rh3+ Kg7 38.
Rh7+ Kf8 39. Nd7+ $18) 37. Bxd5 exd5 38. Rf5 $18) 1-0

[Event "GRE-ch"]
[Site "Athens"]
[Date "2004.12.12"]
[Round "9"]
[White "Kotronias, Vasilios"]
[Black "Skembris, Spyridon"]
[Result "1-0"]
[WhiteElo "2599"]
[BlackElo "2446"]
[Annotator "Erenburg,S"]
[PlyCount "75"]
[EventDate "2004.12.04"]
[EventType "tourn"]
[EventRounds "9"]
[EventCountry "GRE"]
[EventCategory "10"]
[SourceTitle "CBM 105"]
[Source "ChessBase"]
[SourceDate "2005.04.11"]
[SourceVersion "1"]
[SourceVersionDate "2005.04.11"]
[SourceQuality "1"]

1. e4 d6 2. d4 Nf6 3. Nc3 e5 4. dxe5 dxe5 5. Qxd8+ Kxd8 6. Bc4 Bb4 {Other
theoretical possibilities are:} (6... Ke8 7. Nf3 Bd6 {1-0 Adams,
M-Azmaiparashvili,Z/Cap d'Agde 2003/CBM 98/[Erenburg] (55)}) (6... Be6 {
is more popular.}) 7. Bd2 Ke7 ({Black equalized after} 7... Be6 8. Bxe6 fxe6 9.
O-O-O Nbd7 10. f3 Ke7 11. Nh3 Rhd8 12. Nf2 Bd6 13. Nb5 a6 14. Nxd6 cxd6 15. Bb4
Nb8 16. Nd3 Nc6 17. Ba3 b5 $11 {1/2-1/2 Dreev,A-Tischbierek,R/Frankfurt 1996/
EXT 99 (48)}) 8. O-O-O Nbd7 9. Nf3 c6 (9... Bd6 10. Rhe1 Nb6 11. Bb3 a6 12. Ng5
Be6 13. f4 Bxb3 14. axb3 Rhe8 15. fxe5 Bxe5 16. Nf3 Nbd7 17. Nxe5 Nxe5 $11 {
1-0 Malisauskas,V-Tisdall,J/Oslo 1992/CBM 030 (48)}) 10. Nd5+ $1 $146 {Strong
novelty, which seems like the only chance to fight for an edge.} (10. Rhe1 b5
11. Bb3 Bc5 12. Ng5 h6 13. Nxf7 Rf8 14. Nxe5 Nxe5 15. f4 Bg4 16. fxe5 Nd7 17.
e6 Ne5 $17 {0-1 Seul,G-Tischbierek,R/Germany 1999/GER-chT (46)}) 10... Nxd5 11.
exd5 Bxd2+ 12. Nxd2 $1 {[%csl Gc4][%cal Yd2c4] protecting the bishop.} (12.
Rxd2 Nb6 (12... f6 $5) 13. Nxe5 f6 14. d6+ Ke8 15. Nf7 Nxc4 16. Nxh8 Nxd2 17.
Re1+ Kf8 18. Kxd2 Bf5 19. Re7 Kg8 20. d7 Kf8 21. Rf7+ Kg8 22. Re7 $11) 12...
cxd5 ({In case of} 12... f6 13. dxc6 bxc6 $14 {White's chances are better,
thanks to a better pawn structure.}) 13. Bxd5 Nb6 14. Bb3 (14. Bf3 {doesn't
promise anything:} f5 15. Rhe1 Kf6 $11) 14... f6 {strengthening the centre.}
15. Rhe1 Rd8 16. a4 $1 {weakening Black's queenside.} ({Too early to play} 16.
f4 $6 Bg4 17. fxe5 Bxd1 18. exf6+ Kxf6 {[%csl Gb6][%cal Ya7b6]}) 16... a5 {
The inclusion of these moves plays in White's hands, because he gets the
b5-square, and in some variations the knight on b6 will not be protected
anymore.} 17. f4 $1 Bg4 18. fxe5 $1 {[%mdl 512]} Bxd1 19. exf6+ Kd7 (19... Kxf6
20. Re6+ {Now we see the importance of white's 16th move!} Kg5 21. Kxd1 $5 (21.
Rxb6 $5 Bg4 22. Rxb7 Re8 23. Nc4 Re1+ 24. Kd2 Re2+ 25. Kc3 $14) 21... Nd7 22.
Ke2 Nf8 23. Nf3+ Kf5 24. Re5+ Kg6 (24... Kf6 25. g4) 25. Bd5 $14) 20. Re7+ Kc6
21. fxg7 $3 $44 {[%mdl 5120] It is the only way to fight for an advantage!
Currently, White is a rook down, but he has three pawns, and one of them is
located on the 7th rank.} (21. Kxd1 gxf6 22. Rxh7 Rh8 $132) 21... Bg4 $6 ({
Probably better is} 21... Bh5 22. Re5 Bg6 23. Nf3 $44) 22. h3 Nd5 $2 {Probably
after this move Black's position is lost. Black should have prefered one of
the following continuations:} (22... Bf5 23. Nf3 (23. g4 Bg6 24. h4 Nd5 25.
Bxd5+ (25. Re6+ Rd6 26. Rxd6+ Kxd6 27. Nc4+ Kc5 $17) 25... Kxd5 26. h5 Re8 27.
c4+ Kc6 28. Rxe8 Rxe8 29. hxg6 hxg6 $17) 23... Kd6 24. Rxb7 Nd7 25. Ng5 Kc6 26.
Rb5 Nc5 27. Bc4 $16 {[%cal Yf7h6,Gg5f7,Yf7e5] But the position favours White
anyway...}) (22... Bd7 23. Ne4 {[%cal Ye4f6]} Nd5 24. Re5 Nf4 25. Nf6 $16) {
[%tqu "En","Please enter the strongest move for white.","","","e7e5","",10]}
23. Re5 $1 {winning the bishop.} Nf6 (23... Rd7 {loses as well:} 24. Bc4 $1 {
[%cal Yc4b5]} Rg8 25. hxg4 Rgxg7 26. Bb5+ $18) 24. hxg4 Re8 25. Nf3 h6 {
preventing g4-g5.} (25... Rxe5 26. Nxe5+ Kd6 (26... Kc7 27. g5 Ng8 28. Ng4 $18)
27. Nf7+ Ke7 28. Nh6 $18) 26. Rf5 ({Strong enough as well:} 26. Nd4+ Kd7 27.
Rf5 Ke7 28. Rf4 $18 {[%cal Yf4f7,Gd4f5]}) 26... Ng8 27. Nd4+ Kb6 28. Bxg8 {
The simplest way! Now Black's forces are paralized, and White just continues
to win the material. The rest is a matter of an easy technique.} Rxg8 29. Rf7
$18 Rac8 30. Nf5 Rc7 31. Rf6+ Kc5 32. Rxh6 {Now White has already four pawns
for an exchange!} Kb4 33. Rb6+ Kxa4 {Desperation. Black's monarch is going to
be mated...} 34. Kb1 Re8 35. c3 Rd7 36. Nd6 Rdd8 37. b3+ Ka3 38. Nc4# 1-0

[Event "Bundesliga 0405"]
[Site "Germany"]
[Date "2005.04.09"]
[Round "14.5"]
[White "Movsesian, Sergei"]
[Black "Zude, Erik"]
[Result "1-0"]
[WhiteElo "2629"]
[BlackElo "2385"]
[Annotator "Erenburg,S"]
[PlyCount "37"]
[EventDate "2004.11.12"]
[EventType "team-tourn"]
[EventRounds "15"]
[EventCountry "GER"]
[SourceTitle "CBM 107"]
[Source "ChessBase"]
[SourceDate "2005.08.01"]
[SourceVersion "1"]
[SourceVersionDate "2005.08.01"]
[SourceQuality "1"]
[WhiteTeam "Baden Oos"]
[BlackTeam "Hofheim"]
[WhiteTeamCountry "GER"]
[BlackTeamCountry "GER"]

1. e4 d6 2. d4 Nf6 3. Nc3 g6 4. Be3 c6 5. h3 Nbd7 {I'd recommend to read my
opening database from CBM 93 and to pay attention on the following annotated
games:} (5... b5 $2 6. e5 $1 dxe5 7. dxe5 Qxd1+ 8. Rxd1 Nfd7 9. f4 Bg7 10. g3
$146 a6 11. Bg2 $16 {---> 1-0 Kurnosov,I-Gagunashvili,M/Groningen 2003/CBM 99/
[Erenburg] (32)}) (5... Bg7 6. f4 (6. Qd2 O-O 7. Nf3 Nbd7 (7... b5 {---> 1-0
Akopian,V-Nikolic,P/Halkidiki 2002/CBM 92/[Erenburg] (47)}) 8. Bd3 {---> 0-1
Zhang Pengxiang-Gagunashvili,M/Bled 2002/[Erenburg] (40)}) 6... O-O (6... Qb6 {
---> 1/2-1/2 Sveshnikov,E-Beliavsky,A/Bled 1998/[Erenburg] (27)}) (6... Qa5 {
---> 1/2-1/2 Jansa,V-Ibragimov,I/Germany 2001/[Erenburg] (65)}) (6... Nh5 $6
$146 {---> 1-0 Sokolov,A-Chabanon,J/Torcy 1991/[Erenburg] (38)}) (6... Nbd7 {
---> 1/2-1/2 Pavasovic,D-Volokitin,A/Portoroz 2001/[Erenburg] (84)}) 7. Nf3 (7.
Qf3 $5 {---> 1/2-1/2 Sveshnikov,E-Ponomariov,R/Bled 1999/[Erenburg] (52)}) 7...
Nbd7 (7... c5 $6 {---> 1/2-1/2 Erenburg,S-Smirin,I/TCh-ISR, ISR 2002/[Erenburg]
(97).}) 8. e5 {---> 0-1 Sveshnikov,E-Ibragimov,I/Bled 1996/[Erenburg] (46)}) (
5... Qb6 $5 6. Qd2 $146 {---> 1-0 Alekseev,E-Kozakov,M/Halkidiki 2002/CBM
92_01/[Erenburg] (47)} (6. Qc1 {---> 0-1 Alekseev,E-Ponomariov,R/Artek 1999/
[Erenburg] (50)})) 6. f4 {Another possibility is} (6. Nf3 $5 {---> 1-0
Morozevich,A-Gurevich,M/Sarajevo 2000/[Erenburg] (27)}) 6... b5 {threatening
with b5-b4.} (6... e5 7. Qf3 {---> 1-0 Sveshnikov,E-Komljenovic,D/Torcy 1991/
[Erenburg] (50)}) (6... Qa5 {---> 1/2-1/2 Sveshnikov,E-Beliavsky,A/Bled 2001/
[Erenburg] (41)}) 7. a3 $5 {preventing Black's counterplay on the queenside.} (
7. Bd3 {---> 1-0 Reefat,B-Marin,M/Bled 2002/[Erenburg] (22)}) (7. e5 $6 {
is met by} b4 $1) 7... Nb6 {The idea of this move is to react with Nfd5 on
White's possible strike e4-e5 .} (7... a6 $146 {---> 1-0 Fogarasi,T-Beliavsky,
A/HUN 2000/[Erenburg] (43)}) (7... e5 8. Nf3 Qe7 9. fxe5 dxe5 10. d5 b4 11.
axb4 cxd5 12. Bg5 d4 13. Nd5 Qd6 14. Bxf6 Nxf6 15. Nxf6+ Qxf6 16. Bb5+ Ke7 17.
O-O Bh6 18. Bc4 Rd8 19. Ra5 Bf4 20. Nxe5 {1-0 Fressinet,L-Marin,M/Andorra la
Vella AND 2004/The Week in Chess 505 (20)}) 8. Nf3 ({White doesn't achieve
anything special after} 8. d5 Bd7 9. dxc6 Bxc6 $13) 8... a6 {strengthening the
pawns on the queenside.} ({In case of} 8... Bg7 {White destroys black's pawn
construction with} 9. d5 $1 Bd7 10. dxc6 Bxc6 11. Nd4 Bxe4 12. Nxe4 Nxe4 13.
Bxb5+ Kf8 14. Qf3 d5 15. f5 $16) 9. Bd3 Bg7 10. O-O O-O ({In a fresh game from
this year Black didn't hurry with the castle:} 10... Qc7 {, but, anyway, white
managed to get an obvious advantage:} 11. Qe1 Nfd7 12. e5 dxe5 13. fxe5 Nf8 14.
Ng5 Be6 15. Qf2 f6 16. exf6 exf6 17. Nge4 f5 18. Bf4 $16 {1-0 Bauer,C-Uhoda,P/
Metz FRA 2005/The Week in Chess 547 (30)}) 11. Qe1 $1 $146 {[%cal Ye1h4][%mdl
4] transfering the queen to the kingside. In the preceding game white continued
} ({Less principled is} 11. g4 Qc7 12. Ne2 c5 13. c3 Bb7 14. Ng3 Nc4 15. Bc1
Rac8 16. Qe2 cxd4 17. cxd4 Nd7 $13 {1-0 Genser,H-Kurasch,J/Austria 1999/EXT
2001 (41)}) 11... Be6 12. Qh4 Bc4 {trading the light-squared bishops. Black
hopes to neutralize white's initiative by the trades of his active pieces.} 13.
f5 $1 $40 {[%cal Ye3h6] White's plan is simple and strong! He intends to
change dark-squared bishops, afteware, black's monarch will be very vulnerable.
} Bxd3 14. cxd3 gxf5 $4 {absolutely not to the point. In such type of
positions black shouldn't take with the g-pawn, as it weakens the residence of
his king.} (14... e6 {is bad, in view of} 15. fxe6 fxe6 16. Ng5 Qe7 (16... Qd7
17. d5 $18) 17. Nxh7 $18) ({Better was} 14... Qd7 15. Bh6 $40) 15. Bh6 $1 {
[%mdl 4]} e6 (15... fxe4 {loses on the spot:} 16. Ng5 Nbd7 17. Ncxe4 e6 18.
Bxg7 Kxg7 19. Rxf6 Nxf6 20. Rf1 $18) 16. Ng5 Nbd7 (16... Qe7 {doesn't help at
all:} 17. e5 $1 (17. Bxg7 Kxg7 18. Nxh7 Rfe8 19. Nxf6 Qxf6 20. Qg3+ $16) 17...
Bxh6 18. Qxh6 dxe5 19. dxe5 Qc5+ 20. Kh1 Qxe5 21. Nf3 $18) 17. exf5 e5 {
Black succeeded to close the f-file, but White's attack isn't over!} 18. Rf3 $1
{transfering the rook to g3.} exd4 $2 {losing immediately.} ({More resistant
was} 18... Qb6 19. Nxh7 $1 (19. Rg3 Qxd4+ 20. Qxd4 exd4 21. Bxg7 Kxg7 22. Ne6+
Kh6 23. Nxf8 Rxf8 24. Ne2 c5 $13) 19... Qxd4+ (19... Nxh7 20. Qg3 Qxd4+ 21. Kh1
e4 22. f6 $18) 20. Qxd4 exd4 21. Bxg7 $16) (18... Bxh6 19. Qxh6 {[%cal Yf3g3,
Gg5h7]} Qb6 (19... Kh8 20. Rg3 $18) 20. Nxh7 $18) 19. Rg3 $1 {Black is
hopeless against White's threats.} (19. Rg3 dxc3 (19... Bxh6 20. Qxh6 $18) 20.
Bxg7 $18) 1-0

[Event "Bundesliga 0405"]
[Site "Germany"]
[Date "2004.11.27"]
[Round "3.4"]
[White "Vujic, Branimir"]
[Black "Maiwald, Jens Uwe"]
[Result "0-1"]
[WhiteElo "2360"]
[BlackElo "2514"]
[Annotator "Erenburg,S"]
[PlyCount "64"]
[EventDate "2004.11.12"]
[EventType "team-tourn"]
[EventRounds "15"]
[EventCountry "GER"]
[SourceTitle "CBM 105"]
[Source "ChessBase"]
[SourceDate "2005.04.11"]
[SourceVersion "1"]
[SourceVersionDate "2005.04.11"]
[SourceQuality "1"]
[WhiteTeam "Stuttgart"]
[BlackTeam "Kreuzberg"]
[WhiteTeamCountry "GER"]
[BlackTeamCountry "GER"]

1. d4 Nf6 2. Bf4 d6 3. Nc3 c6 $1 {preparing to transfer the queen to the 5th
rank, that will emphasize the defect of white's last two moves.} 4. e4 Qa5 $1 {
Black has got a theoretical position (1.e4 d6 2.d4 Nf6 3.Nc3 c6 4.f4 Qa5) with
one "little" difference - white's bishop is located on f4 instead of the "f"
pawn... Of course, it plays in black's hands, as he carries out e7-e5 with
tempo!} 5. f3 {Other possibilities are:} (5. Qd2 e5) (5. Bd2 e5 6. Nf3 exd4 7.
Nxd4 Qb6 8. Nf3 Be7 9. Bd3 Na6 10. Na4 Qc7 11. Qe2 O-O 12. O-O b5 13. Nc3 Nc5
14. e5 Nfd7 15. exd6 Bxd6 16. Bxh7+ Kxh7 17. Ng5+ Kg8 18. b4 Ne6 19. Nxe6 fxe6
20. Qxe6+ Rf7 21. Ne4 Nc5 {0-1 Piza Cortizo,D-Strikovic,A/Zaragoza 1994/TD (21)
}) 5... e5 6. Bg3 (6. Be3 b5 7. Qd2 Be7 8. g4 a6 9. Nge2 h5 10. g5 Nfd7 11. h4
b4 12. Nd1 c5 13. dxc5 Nxc5 14. c3 Be6 15. cxb4 Qxb4 16. Qxb4 Nd3+ 17. Kd2 Nxb4
18. a3 N4c6 19. Nec3 Na5 $132 {0-1 Roinel,F-Okhotnik,V/Avoine 1993/EXT 99 (32)}
) 6... Nbd7 $146 {According to my database, this position appeared for the
first time. In the previous games black tried:} (6... b5 7. dxe5 b4 8. exf6
bxc3 9. b3 Qg5 10. fxg7 Bxg7 11. Qxd6 $4 (11. f4 $16) 11... Qd2+ $19 {0-1
Petkovic,V-Laske,E/Vorarlberg 1996/EXT 99 (47)}) (6... Be7 7. a3 O-O 8. Bc4 d5
9. Ba2 exd4 10. Qxd4 dxe4 11. fxe4 Rd8 12. Qe5 Qxe5 13. Bxe5 Bg4 14. Nf3 Bh5
15. Bc7 Re8 16. h3 Na6 17. Bg3 Nc5 18. e5 Nfe4 19. Nxe4 Nxe4 20. Bf4 Bxf3 21.
gxf3 Bh4+ 22. Ke2 Ng3+ 23. Bxg3 Bxg3 $17 {0-1 Ellenbroek,T-Van der Wiel,J/
Breda 2001/CBM 082 ext (62)}) 7. Nge2 g6 $1 {Unless White captures on e5,
Black's dark-squared bishop has nothing to do on diagonal f8-a3. Black is
planning to activate it by transfering to a long diagonal or to diagonal h6-c1.
} 8. Nc1 {White needs to move out the knight from e2 in order to complete the
development.} (8. Qd2 {is met by} h5 {[%cal Yf8h6,Gh5h4]}) 8... h5 9. Nb3 Qc7
10. a4 {preventing from black b7-b5.} Bh6 11. h4 {White fixes black's h5 pawn,
as he doesn't want to allow black the resource of h5-h4 with following
transfer Nf6-h5-f4.} O-O 12. Bd3 a6 $1 {covering the b5-square. Black already
threatens with the capture on d4 with following c6-c5.} (12... exd4 13. Nxd4 c5
$2 14. Ndb5 $16) 13. a5 $2 (13. Be2 $1 b6 14. O-O Rb8 $11 {[%cal Yb6b5]}) {
[%tqu "En","Please enter the best move for black.","","","e5d4","",10]} 13...
exd4 $1 14. Nxd4 $2 ({The least of the evils was} 14. Na4 c5 15. O-O $17 c4
$141 $2 16. Nb6 Nxb6 17. axb6 Qxb6 18. Bxc4 Be6 19. Bxe6 fxe6 20. Bf2 $132) {
[%tqu "En","How would you play for black in this position?","","","c6c5","",10]
} 14... c5 $1 15. Ndb5 (15. Nde2 c4 $19) 15... axb5 16. Nxb5 Qd8 17. Bxd6 Rxa5
$19 {Now black is a piece up without any compensation from White's side.} 18.
Bc7 ({After} 18. Bxf8 Nxf8 19. Rxa5 Qxa5+ 20. Kf2 Bf4 $1 $18 {[%cal Yf4e5]
White's position is totally lost, as Black has absolute control over the dark
squares.}) 18... Rxa1 19. Qxa1 Qe7 20. Bd6 Qd8 21. Bc7 Qe8 22. Qa3 Ne5 {
After Black activates his pieces, White's position becomes hopeless.} 23. Be2 (
23. Qxc5 Nxd3+ 24. cxd3 Qe6 $19 {doesn't change too much.}) 23... Qe6 24. Qxc5
Bf4 25. Nd4 Bg3+ {Important check. Now White cannot castle anymore.} 26. Kd2
Qe8 27. Qc3 Bf4+ 28. Ke1 Qa4 {threatening with the invasion into the white
camp.} 29. Nb3 (29. Kf2 {loses in view of} Neg4+ $1 $19) 29... Re8 30. Bb6 Be6
31. Kf2 Neg4+ 32. Kg1 Rc8 {with following capture on b3.} 0-1